Salamina de su historia y de sus costumbres (Registro nro. 85182)
[ vista simple ]
| 000 -ENCABEZADO | |
|---|---|
| Número de control [NR] | 00975nam a22002417a 4500 |
| 005 - FECHA Y HORA DE LA ÚLTIMA TRANSACCIÓN | |
| control field | 20210901051951.0 |
| 008 - DE LONGITUD FIJA DE DATOS DE ELEMENTOS - INFORMACIÓN GENERAL | |
| Elementos de longitud fija [NR] | 130821s1944 ck gr spa |
| 040 ## - FUENTE DE CATALOGACION [NR] | |
| Agencia de catalogación original [NR] | Co-BoUCM |
| Idioma de catalogación [NR] | spa |
| Quien Cataloga | Sandra Yazo (modificó) |
| Quien Clasifica | Sandra Yazo (modificó) |
| 041 00 - CODIGO DE IDIOMA [R] | |
| Código de idioma para texto/pista de sonido o título separado [R] | Español |
| 092 ## - SIGNATURA TOPOGRAFICA LOCAL | |
| Número de clasificación local | FM 000361 |
| 100 ## - ASIENTO PRINCIPAL--NOMBRE PERSONAL [NR] | |
| Nombre personal [NR] | Lopez O, Juan B |
| ID Autoridad | 105114 |
| 245 00 - MENCION DE TITULO [NR] | |
| Título [NR] | Salamina de su historia y de sus costumbres |
| Mención de responsabilidad, etc. [NR] | Por Juan B. López O |
| 260 ## - PUBLICACION, DISTRIBUCION, ETC. (PIE DE IMPRENTA) [R] | |
| Lugar de publicación, distribución, etc. [R] | Manizales (Caldas, Colombia) |
| Nombre del editor, distribuidor, etc. [R] | Biblioteca de Autores Caldenses |
| Fecha de publicación, distribución, etc. [R] | 1944 |
| 300 ## - DESCRIPCION FISICA [R] | |
| Extensión [R] | v. 2. (245 p) |
| 490 ## - MENCION DE SERIE [R] | |
| Mención de serie [R] | Biblioteca de Autores Caldenses; 5 |
| 500 ## - NOTA GENERAL [R] | |
| Nota general [NR] | Incluye índice. -- Este libro se encuentra en el depósito de la biblioteca |
| 650 04 - ASIENTO SECUNDARIO DE MATERIA - TERMINO TEMATICO [R] | |
| Término temático o nombre geográfico como elemento de entrada [NR] | Literatura colombiana |
| 9 (RLIN) | 18629 |
| 650 04 - ASIENTO SECUNDARIO DE MATERIA - TERMINO TEMATICO [R] | |
| Término temático o nombre geográfico como elemento de entrada [NR] | Novela histórica colombiana |
| 9 (RLIN) | 20517 |
| 650 04 - ASIENTO SECUNDARIO DE MATERIA - TERMINO TEMATICO [R] | |
| Término temático o nombre geográfico como elemento de entrada [NR] | Vida social y costumbres |
| 9 (RLIN) | 8225 |
| 651 ## - ASIENTO SECUNDARIO DE MATERIA - NOMBRE GEOGRAFICO [R] | |
| Nombre geográfico [NR] | Salamina (Caldas, Colombia) |
| 9 (RLIN) | 27298 |
| 651 ## - ASIENTO SECUNDARIO DE MATERIA - NOMBRE GEOGRAFICO [R] | |
| Nombre geográfico [NR] | Salamina (Caldas, Colombia) |
| Subdivisión general [R] | Vida social y costumbres |
| 9 (RLIN) | 26703 |
| 942 ## - ELEMENTOS DE ENTRADA AGREGADOS (KOHA) | |
| Tipo de ítem principal el descrito en 300a | Libro |
| Tema principal | 27 |
| Edición | 1 |
| Título oculto en OPAC | No |
| Sistema de clasificación | LOCAL |
| Clasificación | FM 000361 |
| Suprimido | Perdido | Sistema de clasificación | Dañado | No prestable | Tipo de ítem específico | Ubicación habitual | Ubicación actual | Localización | Fecha de creación | Forma de adquisición | Costo | Volúmen / Fascículo | Signatura topográfica | Código de barras | Última vez visto | Ejemplar | Price effective from | Tipo de ítem | Nota pública (OPAC) |
|---|---|---|---|---|---|---|---|---|---|---|---|---|---|---|---|---|---|---|---|
| LOCAL | Libro | Archivo Histórico | Archivo Histórico | Archivo histórico | 28/02/2003 | Donación | 10000.00 | FM 000361 | ~ | 120055034 | 12/07/2012 | Ej.1 | 03/02/2013 | Libro | TRANSFERENCIA CRAI C3 |